Britain and the United States ; problems in co-operation /

Bibliographic Details
Main Author: Roberts, Henry L.
Corporate Authors: Council on Foreign Relations, Royal Institute of International Affairs
Other Authors: Wilson, Paul Alexander, 1903-
Format: Book
Language:English
Published: New York : Published for the Council on Foreign Relations by Harper, 1953.
Subjects:

MARC

Tag First Indicator Second Indicator Subfields
LEADER 00000cam a2200000 4500
001 in00000057589
005 20151008050408.0
008 761008s1953 nyu 00000 eng d
010 |a  53009066  
035 |a (OCoLC)02490341 
035 |9 AAG0803AM 
040 |a JNA  |c JNA  |d TXA  |d UtOrBLW 
049 |a TXAM  |c [220829] 
050 0 |a E183.8.G7  |b R68 
092 |a 327.73  |b R644b 
100 1 |a Roberts, Henry L. 
245 1 0 |a Britain and the United States ;  |b problems in co-operation /  |c a joint report prepared by Henry L. Roberts, rapporteur, study group, Council on Foreign Relations, New York, and Paul A. Wilson, rapporteur, study group, Royal Institute of International Affairs, London. 
264 1 |a New York :  |b Published for the Council on Foreign Relations by Harper,  |c 1953. 
300 |a xvii, 253 pages ;  |c 23 cm. 
336 |a text  |b txt  |2 rdacontent 
337 |a unmediated  |b n  |2 rdamedia 
338 |a volume  |b nc  |2 rdacarrier 
650 0 |a International cooperation. 
650 0 |a World politics  |y 1945-1955. 
651 0 |a United States  |x Foreign relations  |z Great Britain. 
651 0 |a Great Britain  |x Foreign relations  |z United States. 
700 1 |a Wilson, Paul Alexander,  |d 1903- 
710 2 |a Council on Foreign Relations. 
710 2 |a Royal Institute of International Affairs. 
999 |a MARS 
999 f f |s 34defc4d-7edf-32ec-b4be-bd756b1a109c  |i 113ecf9d-fd6f-3945-8525-8d72d7f28dc5  |t 0 
952 f f |p ric  |a Texas A&M University  |b Rellis Campus  |c Joint Library Facility  |d Remote Storage  |t 0  |e E183.8.G7 R68  |h Library of Congress classification  |i unmediated -- volume  |m A14800679602 
998 f f |a E183.8.G7 R68  |t 0  |l Remote Storage